Options of plant organisms for the development of new types or typogenesis in plants (Registro nro. 16202)

Detalles MARC
000 -CABECERA
Campo de control 003890000a22001090004500
090 ## - CLASIFICACIÓN LOCAL
Colección AS
Consecutivo Seriadas
041 0# - IDIOMA
Código de idioma para texto/pista de sonido o título separado
100 1# - ASIENTO PRINCIPAL--NOMBRE PERSONAL
Nombre personal Hagemann, Wolfgang
245 10 - MENCION DE TITULO
Título Options of plant organisms for the development of new types or typogenesis in plants
773 1# - Item fuente:
Título Revista de la Academia Colombiana de Ciencias Exactas, Física y Naturales
Descripción física 110
Paginas del Articulo 25-42
Lugar, editorial y fecha de publicación 2005
Información sobre la relación 29
942 ## - ELEMENTOS ADICIONALES (KOHA)
Tipo de ítem Artículo

No hay ítems disponibles.